LEADER 01178nam a2200265 a 4500 001 000000121224 003 CaOOAMICUS 005 20100415105150.0 008 100415t2009 it u000 u ita r 020 $a978-88-495-1938-9 040 $aPUL$bita$dReb 082 04$a174 100 1 $aMaestri, Enrico.$0(OLS)http://pul/name/75904 245 10$aGiudizi di esistenza :$bdeliberare sulla vita umana nella riflessione bioetica contemporanea /$cEnrico Maestri. 260 $aNapoli :$bEdizioni scientifiche italiane,$cİ2009. 300 $a272 p. ; $c24 cm 504 $aBibliografia p. [253]-270. 650 4$aBioetica.$0(OLS)http://pul/subject/2868 850 $aPUL 852 $aPUL$W1$xSL Filosofia 3$y81$m174 MAEEN 1$j139000$qDDC 21$B138239$CPULBib$Z2$F138239 $H113327 $82 941 1 $a9 996 $6020$a978-88-495-1938-9$9(OLS)http://pul/number/143863 996 $6082$a174$9(OLS)http://pul/classification/425 996 $6245$aGiudizi di esistenza :$bdeliberare sulla vita umana nella riflessione bioetica contemporanea$9(OLS)http://pul/title/152457 996 $6260$aNapoli :$bEdizioni scientifiche italiane$9(OLS)http://pul/publisher/48388 LEADER 01495nam a2200349 a 4500 001 000000175414 003 CaOOAMICUS 005 20220901144209.0 008 220901s2021 it 001 0 ita r 020 $z978-88-394-0970-6* 032 $aLibriCat 040 $aPUL$bita 041 1 $aita$hger 082 04$a225.705 100 1 $aNiehoff, Maren Ruth.$0(OLS)http://pul/name/112732 240 10$aPhilo of Alexandria : an intellectual biography .$bItaliano.$0(OLS)http://pul/title/216850 245 10$aFilone di Alessandria :$bbiografia intellettuale / $cMaren R. Niehoff. 260 $aBrescia :$bPaideia,$cİ2021. 300 $a379 p. ;$c21 cm 490 1 $aBiblioteca del commentario Paideia ;$v11 500 $aTraduzione di Franco Bassani. 504 $aBibliografia p. [517]-524. 600 04$aPhilo Alexandrinus,$d20 a.C.-c. 45 d.C.$xEsegesi biblica.$0(OLS)http://pul/subject/40310 830 0$aBiblioteca del commentario Paideia ;$v11.$0(OLS)http://pul/title/190355 850 $aPUL 852 $aPUL$W1$xSL Religione 3$y85$m225. 705 COLL 5.11$j199618$qDDC 21$B204338$CPULBib$Z2$F204338 $H135751 $82 941 1 $a9 996 $6020$z978-88-394-0970-6*$9(OLS)http://pul/number/168808 996 $6082$a225.705$9(OLS)http://pul/classification/567 996 $6245$aFilone di Alessandria :$bbiografia intellettuale / $9(OLS)http://pul/title/216851 996 $6260$aBrescia :$bPaideia$9(OLS)http://pul/publisher/47884